Chappell Roan - Discography - Statistics

General Stats
  • This quiz has been taken 57 times
  • The average score is 18 of 25
Answer Stats
# title % Correct
(2024) Good Luck, Babe!
95%
11. Pink Pony Club
95%
(2025) The Subway
95%
7. HOT TO GO!
92%
2. Red Wine Supernova
92%
6. Super Graphic Ultra Modern Girl
92%
13. California
89%
1. Femininomenon
89%
5. Casual
87%
10. Kaleidoscope
87%
3. After Midnight
84%
4. Coffee
84%
12. Naked In Manhattan
84%
(2025) The Giver
84%
9. Picture You
82%
8. My Kink Is Karma
79%
14. Guilty Pleasure
74%
(2018) School Nights
66%
(2020) Love Me Anyway
55%
1. Die Young
42%
2. Good Hurt
34%
3. Meantime
34%
4. Sugar High
32%
(2018) Bitter
29%
5. Bad for You
26%
No matching quizzes found
Score Distribution
Percent of People with Each Score
Percentile by Number Answered
Your Score History
You have not taken this quiz